No tempo em que a televisão mandava no carlinhos... (Record no. 185803)

MARC details
000 -LÍDER
campo de controle de tamanho fixo 00430 a2200169 4500
001 - NÚMERO DE CONTROLE
campo de controle 185803
020 ## - ISBN - INTERNATIONAL STANDARD BOOK NUMBER
ISBN - International Standard Book Number 978-85-16-07488-3
040 ## - FONTE DA CATALOGAÇÃO
Instituição que transcreveu o registro Magnum
100 ## - ENTRADA PRINCIPAL--NOME PESSOAL
Nome pessoal Rocha, Ruth
240 10 - TÍTULO UNIFORME
Título uniforme No tempo em que a televisão mandava no carlinhos...
Idioma da obra por
245 10 - TÍTULO
Título No tempo em que a televisão mandava no carlinhos...
300 ## - DESCRIÇÃO FÍSICA
Extensão 29
362 0# - DATAS DE PUBLICAÇÃO E/OU DESIGNAÇÃO SEQUENCIAL
Datas de publicação e/ou designação sequencial 2011
440 #1 - DECLARAÇÃO DE SÉRIE/ENTRADA ADICIONADA--TÍTULO
Título Moderna
697 ## - ENTRADA DE ASSUNTO LOCAL--ENTIDADE COLETIVA (RLIN)
Nome corporativo ou nome da jurisdição LITERATURA INFANTO-JUVENIL
942 ## - ELEMENTOS DE ENTRADA ADICIONADOS (KOHA)
Tipo de material Koha Livros
Holdings
Situação do descarte Situação das perdas Situação física Não pode ser emprestado Biblioteca de origem Biblioteca atual Data de aquisição Total de empréstimos Número de chamada completo Código de barras Data de último acesso Data do preço efetivo Tipo de material Koha Fonte da classificação ou esquema de arquivamento na estante Nota pública
        Magnum Magnum 08/06/2024   869.2.374 MAG00050594 08/06/2024 08/06/2024 Livros    
        Magnum Magnum 08/06/2024   869.2.374 MAG00076155 08/06/2024 08/06/2024 Livros    
        Novo Tempo - Aureliano São José Novo Tempo - Aureliano São José 04/07/2024     if675 04/07/2024 04/07/2024 Livros Classificação Decimal de Dewey N